Economics of money and banking (Record no. 30497)

MARC details
000 -LEADER
fixed length control field 00338nam a2200133Ia 4500
082 ## - DEWEY DECIMAL CLASSIFICATION NUMBER
Classification number 336.74
Item number CHA
100 ## - MAIN ENTRY--AUTHOR NAME
Personal name Chandler, Lester V
245 #0 - TITLE STATEMENT
Title Economics of money and banking
250 ## - EDITION STATEMENT
Edition statement Ed.7
260 ## - PUBLICATION, DISTRIBUTION, ETC. (IMPRINT)
Place of publication London
Name of publisher Harper & Row
Year of publication 1977
700 ## - ADDED ENTRY--PERSONAL NAME
Personal name Goldfeld, Stephen M
942 ## - ADDED ENTRY ELEMENTS (KOHA)
Koha item type Books
Holdings
Withdrawn status Lost status Damaged status Not for loan Home library Current library Date acquired Cost, normal purchase price Full call number Accession Number Koha item type
        RRII Library RRII Library 16/12/2021 7.60 336.74 CHA 11069 Books